| 000 | 00434nam a2200169Ia 4500 | ||
|---|---|---|---|
| 008 | 230711s9999||||xx |||||||||||||| ||und|| | ||
| 020 | _a81-85419-82-5 | ||
| 041 | _aENG | ||
| 082 |
_a720.4720954 _bMA-E |
||
| 100 | _aMajumdar,.Mili | ||
| 245 | 0 | _aEnergy-efficient Buildings in India | |
| 250 | _a1st Ed. | ||
| 260 |
_c2015 _aNew Delhi _bTeri Ministry of Non Conventional |
||
| 300 | _a252p. | ||
| 650 | _aArchitecture | ||
| 942 | _cBK | ||
| 999 |
_c6515 _d6515 |
||